| 000 | 00737nam a2200205Ia 4500 | ||
|---|---|---|---|
| 003 | GCL | ||
| 008 | 140319s9999 xx 000 0 ara d | ||
| 040 |
_aGCL / _cGCL |
||
| 082 | 0 | 4 |
_a780.9 _bع ت |
| 100 | 1 | _aعادل الا لوسى | |
| 245 | 1 | 0 |
_aالتراث الموسيقى العربى وأثره فى أوروبا / _cعادل الا لوسى |
| 260 |
_aالقاهرة : _bمكتبة مدبولى ، _c2000 |
||
| 300 |
_a100 ص ؛ _c24 سم |
||
| 650 | 0 | 4 | _aالموسيقى |
| 650 | 0 | 4 | _aالاشكال الموسيقية |
| 650 | 0 | 4 | _aالموسيقى العربية - تاريخ ونقد |
| 650 | 0 | 4 | _aالموسيقى العربية - تحليل |
| 650 | 0 | 4 | _aالموسيقى، تاثيرها على |
| 942 |
_2ddc _cBK |
||
| 999 |
_c6424 _d6424 |
||